Countries within 500km of Sweden - Statistics

General Stats
  • This quiz has been taken 49 times
  • The average score is 11 of 11
Answers on the Map
Answers color-coded by a green-red scale on the quiz's map according to % correct below.
 
Answer Stats
Answer % Correct
Denmark
100%
Estonia
100%
Finland
100%
Germany
100%
Latvia
100%
Lithuania
100%
Norway
100%
Poland
100%
Russia
100%
Czech Republic
98%
Netherlands
93%
No matching quizzes found
Score Distribution
Percent of People with Each Score
Percentile by Number Answered
Your Score History
You have not taken this quiz